Red or Blue Blitz Quiz Stats

 Plays Quiz Updated Sep 8, 2015

Challenge
Share
Tweet
Embed
Score 0/44 Timer 02:00
9 Plays Today
Thing R or B % Correct
____ Hot Chili Peppers - US rock band???
90.8%
Little ____ Riding Hood - the big bad wolf's desired meal???
90.6%
Rudolph the reindeer's shiny nose???
90.3%
____ whale - largest animal in the world???
90%
____ Bull - the world's best selling energy drink???
90%
Ruby???
89.8%
Once in a ____ moon???
89.7%
Smurfs???
89.6%
Hearts & Diamonds playing cards???
89.5%
Feeling unhappy???
88.7%
____ Army - the Soviet armed forces???
87.7%
The Hunt for ____ October - 1990 movie???
86.2%
Sonic the Hedgehog???
83.7%
___ light district - An unseemly area???
82.9%
A Canadian Mountie's traditional riding uniform???
82.5%
NHL's Detroit ___ Wings???
82.2%
____ herring - a misdirecting distraction???
82.1%
____ Sea - inlet between Africa & Asia???
82%
____ rum - Danny Torrance in The Shining???
81.7%
____ Öyster Cult - band that needs more cowbell???
81.1%
Number 7 on a roulette wheel???
78.7%
Deep ____ - Chess-playing computer???
78.2%
Thing R or B % Correct
The ____ Danube - Johann Strauss' waltz???
77.5%
____ Chip - reliable stocks???
77.2%
Lapis lazuli???
75.4%
Democrats in the USA???
74.8%
Mrs. Peacock's token???
72.4%
Flag of the European Union???
72%
Doctor Who's TARDIS???
71.6%
____ Screen of Death - fatal PC error???
70.4%
Litmus in base???
69.3%
The Great Gonzo???
68.8%
Inky the Pac-Man ghost???
68%
____ Dwarf cult UK sci-fi sitcom???
67.1%
Raphael the Ninja Turtle's bandana???
65%
Kate Mulgrew on 'Orange is the New Black'???
64.7%
A standard cricket ball???
62.6%
Norwegian ____ - an ex-parrot in Monty Python???
62.6%
3-ball in pool or ball worth 1 in snooker???
60.3%
____ Star Belgrade - winners of soccer's European Cup in 1991???
59.4%
____ Velvet - 1986 movie???
58%
Labour Party in the UK???
54.3%
Italian national sports team shirts???
53.8%
____ Harvest - working title for 'Return of the Jedi'???
49.5%

You're not logged in!

Compare scores with friends on all Sporcle quizzes.
OR
Log In

You Might Also Like...

Show Comments

Extras

Top Quizzes Today


Score Distribution

Your Account Isn't Verified!

In order to create a playlist on Sporcle, you need to verify the email address you used during registration. Go to your Sporcle Settings to finish the process.

Report this User

Report this user for behavior that violates our Community Guidelines.

Details: